• 首页
  • 本馆介绍
  • 公告通知
  • 最新文献
  • 馆藏检索
  • 电子资源
  • 读者导购
  • 参考咨询
  • 我的图书馆
  • 登录
  • 详细信息显示
  • 放入我的书架
  • 预约/预借图书
  • 作者相关作品
  • 分类相关作品
  • 丛书相关作品
  • 出版社相关作品

书目信息

  • 表格格式
  • 工作单格式
  • 卡片格式
题名:
广雅疏证
    
 
作者: 王念孙 著 ;钟宇讯 点校
分册:  
出版信息: 北京   中华书局  1983
页数: 440页
开本: 25cm
丛书名:
单 册:
中图分类: H131.4
科图分类:
主题词:
电子资源:
ISBN:
000 00676nam0 2200253 45
001 0183011044
005 20050428113732.0
010    @dCNY5.30
091    @a9018.142
100    @a19950120d1983 emky0chiy0121 ea
101 0  @achi
102    @aCN@b110000
105    @ay z 000yy
200 10 @a广雅疏证@Aguang ya shu zheng@f(清)王念孙著@F(Qing)Wang Nian Sun Zhu@g钟宇讯点校
205    @a影印本
210    @a北京@c中华书局@d1983
215    @a440页@d25cm
605    @a《广雅》
690    @aH131.4@v3
701  0 @a王念孙@4著
702  0 @a钟宇讯@4点校
801  0 @aCN@b上海图书馆@c20040420
801  2 @aCN@bNLC@c20040420
905    @dH131.4@e57@f7@b145141-147@b111695@f1
    
    广雅疏证/(清)王念孙著/钟宇讯点校.-影印本.-北京:中华书局,1983
    440页;25cm
    
    
    ISBN :CNY5.30
    
●
相关链接 在E读中查询图书 在五车中查询图书 在当当中查询图书 在豆瓣中查询图书


正题名:广雅疏证     索取号:H131.4/57         预约/预借

序号 登录号 条形码 馆藏地/架位号 状态 备注
1 0102969   001560368   第二样本阅览室/ [索取号:H131.4/57] 在馆    
2 0111694   000839533   密集书库/ [索取号:H131.4/57] 在馆    
3 0111695   001560331   密集书库/ [索取号:H131.4/57] 在馆    
4 0145141   001560420   密集书库/ [索取号:H131.4/57] 在馆    
5 0145142   001560304   密集书库/ [索取号:H131.4/57] 在馆    
6 0145143   001560377   密集书库/ [索取号:H131.4/57] 在馆    
7 0145144   001560340   密集书库/ [索取号:H131.4/57] 在馆    
8 0145145   001560484   密集书库/ [索取号:H131.4/57] 在馆    
9 0145146   001560359   密集书库/ [索取号:H131.4/57] 在馆    
10 0145147   001560457   密集书库/ [索取号:H131.4/57] 在馆    
唐山师范学院图书馆 欢迎您!
大连网信软件有限公司© 版权所有